1411 1647 1740 1716 1132 1957 1902 1932 1843 1765 1911 1663 1164 1709 1099 1618 1003 1395 1272 1462 1126 1516 1013 1363 1976 1173 1105 1334 1526 1641 1431 1135 1525 1178 1642 1201 1059 1795 1165 1929 1286 1026 1938 1661 1403 1087 1561 1270 1755 1882 1088 1164 1801 1220 1118 1106 1250 1796 1494 1651 1758 1732 1963 1404 1450 1113 1368 1687 1238 1135 1057 1760 1375 1495 1012 1767 1885 1089 1501 1564 1778 1490 1955 1316 1085 1549 1693 1450 1865 1938 1091 1648 1203 1823 1229 1656 1063 1153 1323 BCNSPRNW ULIB Ver.6.0+V

เปลี่ยนเป็นภาษาไทย

Change to English
 แสดงรายละเอียดบรรณานุกรม
  กลับหน้าหลัก

Brief Record : Get Marc (ISO 2709) : E-mail record : QR code < ปิดหน้าต่าง
LEADER : 00000nam 2200000uu 4500
001    13399126142
003     ULIB
008    180612s2016||||th 000 0 tha d
020    ^a9781316503966
050 00 ^aPE1128^bC172^cV.11
245 10 ^aCambridge practice tests for IELTS 11
260    ^aCambridge :^bCambridge University Press,^c2016
300    ^a144 p.:^bill. ;^c25 cm.
650 00 ^aInternational English Language Testing System.
650 00 ^aEnglish language^xExaminations, questions, etc.
650 00 ^aEnglish language^xTextbooks for foreign speakers
945    ^p530^l0^i004238
999    ^aวรรณษา ชูชัยมงคล
รายการนี้ยังไม่มีแท็ก
คุณยังไม่ได้ล็อกอิน คุณสามารถมีกิจกรรมร่วมกับเว็บไซต์ได้ แต่ต้องล็อกอินก่อน ::
  ล็อกอิน

รายการสื่อสารสนเทศ

ลำดับที่ ประเภท เลขเรียก/บาร์โค้ด สถานที่ สถานะ
1. วิทยาศาสตร์การแพทย์ และสุขภาพ
หนังสือสำรอง
สถานะ=หนังสือสำรอง
PE1128 C172 V.11 ฉ.1 
  Barcode: 004238
ห้องสมุดวิทยาเขตสวรรค์ประชารักษ์
►หนังสือทั่วไป
บนชั้น

รายการใกล้เคียง
    ชื่อเรื่อง [Cambridge practice tests for IELTS 11]

    หัวเรื่อง [International English Language Testing System.]

BibComment


ยังไม่เคยถูกคอมเมนท์

คอมเมนท์ทรัพยากรรายการนี้
  คอมเมนท์: Cambridge practi..


 Copyright 2026. Bcnsprnw @Library